Normal view MARC view
  • INGALSBE, LON

Entry Personal Name

Number of records used in: 1

001 - CONTROL NUMBER

  • control field: 65329

003 - CONTROL NUMBER IDENTIFIER

  • control field: NUST

005 - DATE AND TIME OF LATEST TRANSACTION

  • control field: 20210628203423.0

008 - FIXED-LENGTH DATA ELEMENTS

  • fixed length control field: 210628|| aca||aabn | a|a d

040 ## - CATALOGING SOURCE

  • Original cataloging agency: NUST
  • Transcribing agency: NUST

100 ## - HEADING--PERSONAL NAME

  • Personal name: INGALSBE, LON

670 ## - SOURCE DATA FOUND

  • Source citation: Work cat.: (NUST): INGALSBE, LON, BUSINUSS APPLICATIONS SOFTWARE FOR THE IBM PC , ALTERNATE EDITION WITH LOTUS 1-2-3 DBASE III/III PLUS AND WORD PERFECT, 1988
© 2023 Central Library, National University of Sciences and Technology. All Rights Reserved.